Interest groups in american society
Salvato in:
| Autore principale: | |
|---|---|
| Natura: | Libro |
| Lingua: | inglese |
| Pubblicazione: |
Englewood Cliffs
Prentice-Hall
1964
|
| Soggetti: | |
| Tags: |
Aggiungi Tag
Nessun Tag, puoi essere il primo ad aggiungerne!!
|
MARC
| LEADER | 00000nam a2200000 a 4500 | ||
|---|---|---|---|
| 001 | UCT6291 | ||
| 003 | CL-VaPUC | ||
| 008 | 970106e19640000us |||||||||||||||||eng|d | ||
| 082 | 0 | 4 | |a 324.4 |b ZEI |2 21 |
| 100 | 0 | |a Zeigler, Harmon |e author |9 376285 | |
| 245 | 1 | 0 | |a Interest groups in american society |
| 300 | |a 343 p | ||
| 942 | |c BK | ||
| 945 | |d 19970106 00:00:00 |a paguirre | ||
| 260 | |a Englewood Cliffs |b Prentice-Hall |c 1964 | ||
| 650 | 7 | |a GRUPOS DE PRESION |2 CL-VaPUC |9 255505 | |
| 650 | 0 | |a Ciencias Políticas |9 255201 | |
| 650 | 0 | |a Política |9 255312 | |
| 650 | 7 | |a MOVIMIENTOS DE PROTESTA |2 CL-VaPUC |9 338139 | |
| 650 | 0 | |a Movimientos políticos |9 338922 | |
| 651 | 0 | |a Estados Unidos |9 255178 | |
| 583 | |a last modification |c 20150428 12:25:23 |k Rodrigo Vera | ||
| 999 | |c 255006 |d 255004 | ||
| 952 | |0 0 |1 0 |4 0 |6 324_400000000000000_ZEI_1964 |7 0 |8 A |9 277030 |a BIBDER |b BIBDER |d 2019-11-19 |i 1801457 |o 324.4 ZEI 1964 |p 1801457 |r 2023-01-25 |w 2019-11-19 |y BK |k DER | ||